Statistics for Lowest Murder Rates of Countries.

Click here to take the quiz!

General Stats

  • This quiz has been taken 288 times
    (265 since last reset)
  • The average score is 18 of 30

Answer Stats

RateAnswer% Correct
0.7Sweden
87%
0.3Iceland
84%
0.8Denmark
83%
0.3Japan
79%
0.0Monaco
75%
0.7San Marino
75%
1.0United Kingdom
75%
0.8Luxembourg
74%
0.9New Zealand
74%
0.6Switzerland
74%
0.8Germany
73%
0.9South Korea
72%
0.8Spain
72%
0.9Austria
71%
1.0France
71%
0.9Italy
69%
0.2Singapore
69%
0.9The Netherlands
67%
0.0Liechtenstein
66%
1.0China
54%
0.7Slovenia
54%
0.5Bahrain
46%
1.1Qatar
46%
0.4Kuwait
44%
1.0Czech Republic
40%
1.1Oman
36%
0.8Saudi Arabia
35%
1.0Tonga
32%
0.6Indonesia
19%
0.7Algeria
10%

Score Distribution

Percentile by Number Answered

Percent of People with Each Score

Your Score History

You have not taken this quiz since the last reset